000 00611nam a2200205 4500
001 112786
003 ES-MaACL
005 20250804042959.0
007 t|
008 061121s1973 sp r ||||1| spa d
100 1 _aNietzsche, Friedrich,
_d1844-1900
_985718
245 1 0 _aInventario /
_cFriedrich Nietzsche ; edición de Fernando Savater.
260 _aMadrid :
_bTaurus,
_c1973.
300 _a179 p. ;
_c21 cm.
490 1 _aEnsayistas ;
_v99
700 1 _aSavater, Fernando,
_d1947-
_9104053
830 0 _aEnsayistas ;
_v99
_9177257
852 _aES-MaACL
_jC-53438
_bR.86472
999 _c112786
_d112786